000 00727nam a22002175a 4500
999 _c8027
_d8027
001 14150
003 GBCCL
005 20241126110641.0
008 850905|1985 ||| 000 0 eng
010 _a 85200607
020 _a0801034221 (pbk.) :
_c$7.95
040 _aDLC
_cDLC
_dDLC
082 _a268.6
_bEAR
100 1 _aEarle, Ralph.
_94532
245 1 0 _aPeloubet's notes, 1985-1986 :
_bbased on the international Bible lessons for Christian living uniform series /
_cby Ralph Earle.
260 _aGrand Rapids, Mich. :
_bBaker Book House,
_cc1981-1984.
300 _av. ; 23 cm.
906 _a7
_bibc
_corignew
_d2
_encip
_f19
_gy-gencatlg
942 _2ddc
_cBK